000 00441nam a2200157 4500
001 126551
003 ES-MaACL
005 20230906192835.0
007 t|
008 070214s1936 xxu r ||||1| eng d
100 1 _aRepplier, Agnes.
_996275
245 1 0 _aIn pursuit of laughter /
_cAgnes Repplier.
260 _aBoston [etc.] :
_bHoughton Mifflin Cambridge,
_c1936.
300 _a229 p. ;
_c23 cm.
852 _aES-MaACL
_jC-25219
_bR.53996
999 _c126551
_d126551